000 00885nmc a2200349 a 4500
003 AR-BaBNM
005 20251128203903.0
008 227019s1968 ||||||||||||||000 | spa||
040 _cAR-BaBNM
100 0 _aPolibio de Megalópolis
245 1 0 _aHistoria universal
_bdurante la república romana. 3
260 _aBarcelona
_bIberia
_c1968
300 _a431 p.
490 0 _aObras maestras
600 0 4 _aAsdrubal
600 0 4 _aEscipión
600 1 4 _aCatón, Marco Porcio
650 4 _aCIVILIZACIONES ANTIGUAS
650 4 _aGUERRA
650 4 _aSOCIEDAD
650 4 _aECONOMIA
650 4 _aIMPERIALISMO
650 4 _aCIENCIAS POLITICAS
650 4 _aHISTORIA EUROPEA
650 4 _aCULTURAS EUROPEAS
650 4 _aGEOGRAFIA FISICA
651 4 _aItalia
651 4 _aGrecia
700 1 _aDíaz Casamada, Juan
_etraductor
942 _cBK
998 _cmariana
999 _c5344
_d5344